| 000 | 00664cab a2200229 4500 | ||
|---|---|---|---|
| 001 | ABS50874 | ||
| 008 | 090401t1994 xxu||||| |||| 00| 0 eng d | ||
| 035 | _a(Sirsi) u85461 | ||
| 041 | _aeng | ||
| 100 | _aStewart, J. | ||
| 245 | 4 | _aThe plot thickens | |
| 260 | _c1994 | ||
| 350 | _a0 | ||
| 490 |
_aBuilding Market Report _vJune 1994, 8-9(2) |
||
| 520 | _aDissects the economics of funding a housebuilding recovery including the problems for those with large landbanks gaining the finance to buy new land. | ||
| 650 | _aHOUSE BUILDERS | ||
| 650 | _aHOUSE BUILDING | ||
| 650 | _aLAND PRICES | ||
| 690 | _aHOUSING | ||
| 942 | _n0 | ||
| 948 | _c04/03/1997 | ||
| 999 |
_c53735 _d53735 |
||